| 000 | 01321nem0a2200277 4500 | ||
|---|---|---|---|
| 001 | RU\NLR\BIBL_A\016227124 | ||
| 005 | 20250625002003.0 | ||
| 035 | _a(NLR Aleph) 016227124 | ||
| 090 |
_a12755963 _c12755963 |
||
| 100 | _a20221202d1817 |||y0rusy50 ca | ||
| 101 | 0 | _arus | |
| 102 | _aRU | ||
| 120 | _abyy xx|| | ||
| 123 | 1 |
_aа _b25200000 |
|
| 200 | 1 |
_aКарта Азии _bКарты _eс показанием новейших открытий российскими мореплавателями _fиздана и гравирована Ал. Савинковым |
|
| 206 | _a[ок. 1:25 200 000, ок. 600 верст в дюйме (252 км в 1 см), граф. м-бы в верстах, во фр. милях] | ||
| 210 |
_a[Санкт-Петербург] _d1817 |
||
| 215 |
_a1 к _cграв., раскраш. границы _d65х82 (68х87) см |
||
| 509 | 0 | 1 |
_7ca _aАзия _92634121 _3RU\NLR\auth_crt\55949 |
| 607 |
_aАзия _jКарты _9951064 _3RU\NLR\AUTH\6634774 |
||
| 608 |
_aПолитико-административные карты _91527243 _3RU\NLR\AUTH\66966105 |
||
| 702 | 1 |
_4350 _7ca _8rus _aСавинков _bА. Д. _f1769-1859 _gАлександр Дмитриевич _9168439 _3RU\NLR\AUTH\770168487 |
|
| 852 |
_aNLR _bК _j2-Аз 3/17 _m18959 |
||
| 942 | _cMAP | ||
| 980 | _aNB | ||